|
|
|
|
| LEADER |
01633nam a2200469 i 4500 |
| 001 |
nkc20162777711 |
| 003 |
CZ PrNK |
| 005 |
20170329124500.0 |
| 007 |
ta |
| 008 |
160212s2017 xr a e f 001 0 cze |
| 015 |
|
|
|a cnb002777711
|
| 020 |
|
|
|a 978-80-7549-156-5
|q (brožováno) :
|c Kč 299,00
|
| 035 |
|
|
|a (OCoLC)982106932
|
| 040 |
|
|
|a BOA001
|b cze
|e rda
|
| 041 |
1 |
|
|a cze
|h eng
|
| 072 |
|
7 |
|a 641
|x Kuchařství. Potraviny. Vařená jídla
|2 Konspekt
|9 19
|
| 080 |
|
|
|a 641.55
|2 MRF
|
| 080 |
|
|
|a (083.12)
|2 MRF
|
| 100 |
1 |
|
|a McMillan, Kate
|7 mzk2017945216
|4 aut
|
| 240 |
1 |
0 |
|a Simply one pot.
|l Česky
|
| 245 |
1 |
0 |
|a Lahodná jídla z jednoho hrnce :
|b jednoduché a skvělé recepty pro každou příležitost /
|c Kate McMillanová ; z anglického originálu Simply one pot ... přeložila Kateřina Knišová
|
| 250 |
|
|
|a Vydání první
|
| 264 |
|
1 |
|a Praha :
|b Euromedia,
|c 2017
|
| 300 |
|
|
|a 160 stran :
|b barevné ilustrace ;
|c 25 cm
|
| 336 |
|
|
|a text
|b txt
|2 rdacontent
|
| 336 |
|
|
|a statický obraz
|b sti
|2 rdacontent
|
| 337 |
|
|
|a bez média
|b n
|2 rdamedia
|
| 338 |
|
|
|a svazek
|b nc
|2 rdacarrier
|
| 490 |
1 |
|
|a Esence
|
| 500 |
|
|
|a Obsahuje rejstřík
|
| 650 |
0 |
7 |
|a jídla
|7 ph114847
|2 czenas
|
| 650 |
0 |
9 |
|a meals
|2 eczenas
|
| 655 |
|
7 |
|a kuchařské recepty
|7 fd132687
|2 czenas
|
| 655 |
|
9 |
|a cookbooks
|2 eczenas
|
| 700 |
1 |
|
|a Knišová, Kateřina
|7 jn20001227415
|4 trl
|
| 830 |
|
0 |
|a Esence
|0 s
|
| 910 |
2 |
|
|a BOA001
|b 2-1386.103
|
| 928 |
9 |
|
|a Euromedia Group
|
| 990 |
|
|
|a BK
|
| 995 |
|
|
|a 01
|
| 991 |
|
|
|b 201703
|c NOV
|
| 996 |
6 |
|
|b 2610700293
|c 2-1386.103
|l MZK
|r Sklad / do 1 hodiny
|n 2
|p p.v.
|w 001602444
|u 000010
|a 1
|e BOA001
|j MZK50
|s P
|